Concurso-oposición al Cuerpo de Ingenieros de Caminos, Canales y Puertos del Ministerio de Obras Públicas : (Registro nro. 46086)

Detalles MARC
000 -LEADER
campo de control de longitud fija 01171nam a2200205 i 4500
001 - NÚMERO DE CONTROL
campo de control 46086
003 - IDENTIFICADOR DE NÚMERO DE CONTROL
campo de control ES-MaACL
005 - FECHA Y HORA DE LA ÚLTIMA TRANSACCIÓN
campo de control 20230906161328.0
007 - CAMPO FIJO DE DESCRIPCIÓN FÍSICA--INFORMACIÓN GENERAL
campo de control de longitud fija t|
008 - DATOS DE LONGITUD FIJA--INFORMACIÓN GENERAL
campo de control de longitud fija 030327s1972 sp ||||1| spa d
080 ## - NÚMERO DE LA CLASIFICACIÓN DECIMAL UNIVERSAL
Número de la Clasificación Decimal Universal 354.45(46).084.1(078)
110 2# - ENTRADA PRINCIPAL--NOMBRE DE ENTIDAD CORPORATIVA
Nombre de entidad corporativa o nombre de jurisdicción como elemento de entrada Centro de Estudios de Ingeniería y Arquitectura (Madrid)
9 (RLIN) 2621
245 10 - MENCIÓN DEL TÍTULO
Título Concurso-oposición al Cuerpo de Ingenieros de Caminos, Canales y Puertos del Ministerio de Obras Públicas :
Resto del título temario /
Mención de responsabilidad, etc. [director Enrique Balaguer Camphuis].
260 ## - PUBLICACIÓN, DISTRIBUCIÓN, ETC.
Lugar de publicación, distribución, etc. Madrid :
Nombre del editor, distribuidor, etc. [Centro de Estudios de Ingeniería y Arquitectura],
Fecha de publicación, distribución, etc. 1972.
300 ## - DESCRIPCIÓN FÍSICA
Extensión 3 v. ;
Dimensiones 22 cm.
505 8# - NOTA DE CONTENIDO CON FORMATO
Nota de contenido con formato Contiene: 1. Organización de la administración . Derecho administrativo . Hacienda pública . Economía (531 p.) -- 2. Carreteras . Obras hidráulicas . Puertos - 3. Transportes . Técnicas de programación y gestión . Organizaciones y realizaciones: técnicas internacionales . Organización sindical y derecho laboral (428 p.)
610 24 - PUNTO DE ACCESO ADICIONAL DE MATERIA--NOMBRE DE ENTIDAD CORPORATIVA
Nombre de entidad corporativa o nombre de jurisdicción como elemento de entrada Cuerpo Nacional de Ingenieros de Caminos, Canales y Puertos (España)-
Subdivisión de forma Contestaciones para oposiciones.
9 (RLIN) 143762
700 1# - ENTRADA AGREGADA--NOMBRE PERSONAL
Nombre de persona Balaguer Camphuis, Enrique.
9 (RLIN) 24807
852 4# - LOCALIZACIÓN
Ubicación ES-MaACL
Número de control de estantería C-49745-47
Existencias
Estatus retirado Estado de pérdida Estado de daño No para préstamo Biblioteca de origen Biblioteca actual Ubicación en estantería Fecha de adquisición Fuente de adquisición Total de préstamos Signatura topográfica completa Código de barras Visto por última vez Precio de reemplazo Tipo de ítem Koha
        Biblioteca del Ateneo de Madrid Biblioteca del Ateneo de Madrid Depósito 2 17/01/2008     C-49745-7 1048482 23/02/2023 23/02/2023 Libro impreso